000 00677nam a2200241Ia 4500
003 OSt
005 20220927112306.0
006 a|||||r|||| 00| 0
007 ta
008 220926b |||||||| |||| 00| 0 eng d
024 _a153052
037 _cReports
040 _aRTL
_cRTL
_beng
041 _2eng
_aeng
082 _a"X729.438.N51t, J2/GD"
110 _a"Burma, Commercial Taxes (Advisory Committee on-)"
_9383488
245 0 _aReport
260 _c1951
300 _a102p.
_ccm.
700 _a"Burma, Commercial Taxes (Advisory Committee on-)"
_9383489
942 _h"X729.438.N51t, J2/GD"
_cCC
999 _c700050
_d700050